Physiotherapy in orthopaedics: (Record no. 1769)

MARC details
000 -LEADER
fixed length control field 00626nam a22002297a 4500
003 - CONTROL NUMBER IDENTIFIER
control field OSt
005 - DATE AND TIME OF LATEST TRANSACTION
control field 20150518143939.0
008 - FIXED-LENGTH DATA ELEMENTS--GENERAL INFORMATION
fixed length control field 150518b xxu||||| |||| 00| 0 eng d
020 ## - INTERNATIONAL STANDARD BOOK NUMBER
International Standard Book Number 0443074062
040 ## - CATALOGING SOURCE
Transcribing agency DNLM
082 ## - DEWEY DECIMAL CLASSIFICATION NUMBER
Classification number WB460 A52p 2005
100 ## - MAIN ENTRY--PERSONAL NAME
Personal name Atkinson, Karen
9 (RLIN) 4651
245 ## - TITLE STATEMENT
Title Physiotherapy in orthopaedics:
Remainder of title a problem-solving approach
250 ## - EDITION STATEMENT
Edition statement 2nd ed
260 ## - PUBLICATION, DISTRIBUTION, ETC. (IMPRINT)
Place of publication, distribution, etc. Edinburgh;
Name of publisher, distributor, etc. Elsevier,
Date of publication, distribution, etc. 2005
300 ## - PHYSICAL DESCRIPTION
Extent ix,363p;
Other physical details ill:
Dimensions 25cm
504 ## - BIBLIOGRAPHY, ETC. NOTE
Bibliography, etc References, & index included
650 ## - SUBJECT ADDED ENTRY--TOPICAL TERM
Topical term or geographic name as entry element Physiotherapy
9 (RLIN) 1959
650 ## - SUBJECT ADDED ENTRY--TOPICAL TERM
Topical term or geographic name as entry element Orthopaedics
9 (RLIN) 923
700 ## - ADDED ENTRY--PERSONAL NAME
Personal name Coutts, Fiona
9 (RLIN) 4652
942 ## - ADDED ENTRY ELEMENTS (KOHA)
Source of classification or shelving scheme Other/Generic Classification Scheme
Koha item type Open Shelf
Holdings
Withdrawn status Lost status Source of classification or shelving scheme Damaged status Not for loan Home library Current library Date acquired Source of acquisition Inventory number Total Checkouts Full call number Barcode Date last seen Koha item type Date last checked out Price effective from
    Other/Generic Classification Scheme     MUST Main Library MUST Main Library 18/05/2015   15/38810   WB460 A52p 2005 2015-1435 18/05/2015 Open Shelf    
    Other/Generic Classification Scheme     MUST Main Library MUST Main Library 18/05/2015   15/38810 4 WB460 A52p 2005 2015-1436 28/09/2022 Open Shelf 06/07/2022  
    Other/Generic Classification Scheme     MUST Main Library MUST Main Library 18/05/2016   14/38206 2 WB460 A52p 2005 2016-1997 25/04/2017 Open Shelf 11/04/2017  
    Other/Generic Classification Scheme     MUST Main Library MUST Main Library 30/01/2018   2017/40560   WB460 A52p 2005 2018-0058 30/01/2018 Open Shelf   30/01/2018